Īmān al-ʻArab fī al-jāhilīyah /

محفوظ في:

المؤلف الرئيسي: Najīramī, Abū Isḥāq Ibrāhīm ibn ʻAbd Allāh (مؤلف)

مؤلفون آخرون: Khaṭīb, Muḥibb al-Dīn.

التنسيق: كتاب

اللغة: Arabic

منشور في: [al-Qāhirah : al-Maṭbaʻah al-Salafīyah, 1962].

الطبعة: al-Ṭabʻah 2.

الموضوعات:

الوسوم: إضافة وسم

لا توجد وسوم, كن أول من يضع وسما على هذه التسجيلة!

رقم الطلب: ( P )BL1680 .N355 1962

LEADER 01501nam a2200265Ia 4500
003 OSt
005 20240625090307.0
008 130303s1962 ua 000 0 ara d
952 |0 0  |1 0  |2 lcc  |4 0  |7 1  |9 28832  |a ARCE  |b ARCE  |d 2022-01-25  |l 0  |o ( P )BL1680 .N355 1962  |p 1027632  |r 2022-01-25 00:00:00  |w 2022-01-25  |y PT 
999 |c 26860  |d 26860 
040 |c ARCE Library 
043 |a ar----- 
050 4 |a ( P )BL1680 .N355 1962 
100 1 |6 880-01  |a Najīramī, Abū Isḥāq Ibrāhīm ibn ʻAbd Allāh,  |e author  |9 36673 
245 1 0 |6 880-02  |a Īmān al-ʻArab fī al-jāhilīyah /  |c ṣināʻat Abī Isḥāq Ibrāhīm ibn ʻAbd Allāh al-Najīramī al-Kātib ; nasakhahu wa-ṣaḥḥaḥahu wa-waqafa ʻalá ṭabʻihi Muḥibb al-Dīn al-Khaṭīb minshi’ Majallat al-Zahrā’. 
250 |a al-Ṭabʻah 2. 
264 1 |a [al-Qāhirah :   |b al-Maṭbaʻah al-Salafīyah,   |c 1962]. 
300 |a 40 pages ;  |c 19 cm. 
650 0 |a Arabs  |x Religion  |x History. 
651 0 |a Arabian Peninsula  |x Religious life and customs  |x History. 
700 1 |a Khaṭīb, Muḥibb al-Dīn. 
880 1 |6 100-01/(3/r  |a نجيرمي، أبو اسحاق إبراهيم بن عبد الله 
880 1 0 |6 245-02/(3/r  |a إيمان العرب في الجاهلية   |c صناعة أبي إسحاق إبراهيم بن عبد الله النجيرمي الكاتب ؛ نسخه و صححه و وقف على طبعه محب الدين الخطيب منشئ مجلة الزهراء.‪‪‪‪‪‪‪‪‪‪‪ 
901 |a reviewed 
942 |c PT  |2 lcc